Mentőautóban - saját felelősségre életmentés, betegszállítás, gyors diagnózis /

Elmentve itt :
Bibliográfiai részletek
Szerző: Kéri Barnabás
Dokumentumtípus: Cikk
Megjelent: 1998-05-23
Sorozat:Délmagyarország 88 No. 120
Kulcsszavak:Szeged, Egészségügy mentőszolgálat Szeged
Online Access:http://dmarchiv.bibl.u-szeged.hu/84317
LEADER 00547nab a2200157 i 4500
001 delm84317
005 20191021124025.0
008 191021s1998 hu o 0|| hun d
040 |a SZTE Délmagyarország Archívum  |b hun 
041 |a hun 
100 1 |a Kéri Barnabás 
245 1 0 |a Mentőautóban - saját felelősségre   |h [elektronikus dokumentum] :  |b életmentés, betegszállítás, gyors diagnózis /  |c  Kéri Barnabás 
260 |c 1998-05-23 
300 |a 11 
490 0 |a Délmagyarország  |v 88 No. 120 
695 |a Szeged, Egészségügy mentőszolgálat Szeged